The risk of war : everyday sociality in the Republic of Macedonia
Saved in:
| Main Author: | |
|---|---|
| Format: | Book |
| Language: | English |
| Published: |
Philadelphia :
University of Pennsylvania Press,
c2012.
|
| Series: | Ethnography of political violence
|
| Subjects: | |
| Tags: |
Add Tag
No Tags, Be the first to tag this record!
|
MARC
| LEADER | 00000cam a2200000 a 4500 | ||
|---|---|---|---|
| 001 | 1/106728 | ||
| 008 | 150604s2012####pau| ||| |||| ||eng|| | ||
| 020 | |a 9780812243994 | ||
| 040 | |a GR-MyUa |b gre |c GR-MyUa |e AACR2 | ||
| 041 | 0 | |a eng | |
| 082 | 7 | |a 949.76 |2 (23) | |
| 100 | 1 | |a Neofotistos, Vasiliki P. | |
| 245 | 1 | 4 | |a The risk of war : |b everyday sociality in the Republic of Macedonia / |c Vasiliki P. Neofotistos. |
| 260 | |a Philadelphia : |b University of Pennsylvania Press, |c c2012. | ||
| 300 | |a 205 σ. ; |c 24 εκ. | ||
| 490 | 1 | |a (The ethnography of political violence) | |
| 504 | |a Περιλαμβάνει βιβλιογραφία (σ. [173]-191) και ευρετήριο. | ||
| 651 | 0 | |a North Macedonia |x Politics and government |y 1992- | |
| 651 | 0 | |a North Macedonia |x Social conditions. | |
| 651 | 0 | |a North Macedonia |x Ethnic relations |x Political aspects. | |
| 830 | 0 | |a Ethnography of political violence | |
| 852 | |a INST |b LESVOS |e 20150604 |h 949.76 NEO |p 005100056876 |q 005100056876 |t BK |y 0 | ||
| 970 | |a Τζαφέρη |b Ευαγγελία |z 04-06-2015 | ||